header

Modern trends in chemical reaction dynamics (Record no. 51166)

MARC details
000 -LEADER
fixed length control field 01383nam a2200337Ia 4500
082 04 - DEWEY DECIMAL CLASSIFICATION NUMBER
Classification number 541/.394
245 00 - TITLE STATEMENT
Title Modern trends in chemical reaction dynamics
260 ## - PUBLICATION, DISTRIBUTION, ETC. (IMPRINT)
Place of publication River Edge, N.J. ;
-- Hong Kong :
Name of publisher World Scientific,
Year of publication c2004.
300 ## - PHYSICAL DESCRIPTION
Number of Pages xii, 526 p. :
Other physical details ill.
490 1# - SERIES STATEMENT
Series statement Advanced series in physical chemistry ;
650 #0 - SUBJECT ADDED ENTRY--TOPICAL TERM
Topical Term Chemical kinetics.
Topical Term Reactivity (Chemistry)
700 1# - ADDED ENTRY--PERSONAL NAME
Personal name Yang, Xueming,
Personal name Liu, Kopin.
856 40 - ELECTRONIC LOCATION AND ACCESS
Uniform Resource Identifier http://site.ebrary.com/lib/rucke/Doc?id=10088364

No items available.

© 2026 Rongo University
Contact us: librarian | system librarian | Rongo university